| 000 | 01006nas a2200325 4500 | ||
|---|---|---|---|
| 001 | BR0504442 | ||
| 003 | BR-BrBNA | ||
| 005 | 20231205105633.0 | ||
| 007 | ta | ||
| 008 | 230509b bl.|||p| |||| 00| 00por d | ||
| 040 |
_aBR-BrBNA _bpor _cBiblioteca Nacional de Agricultura |
||
| 041 | _a(Pt) | ||
| 072 | _aL02; L01; E10 | ||
| 100 | 1 | _aPereira Filho, J.M. | |
| 100 | 1 | _aResende, K.T. de | |
| 100 | 1 | _aTeixeira, I.A.M. de A. | |
| 100 | 1 | _aSobrinho, A.G. da S. | |
| 100 | 1 | _aYáñez, E.A. | |
| 100 | 1 | _aFerreira, A.C.D. | |
| 245 | 1 | _aEfeito da restrição alimentar no desempenho produtivo e econômico de cabritos F1 Boer x Saanen | |
| 650 | _aCABRITO | ||
| 650 | _aEFICIÊNCIA NUTRICIONAL | ||
| 650 | _aRENTABILIDADE | ||
| 650 | _aANÁLISE ECONÔMICA | ||
| 650 | _aCARCAÇA | ||
| 650 | _aPESO | ||
| 773 | 0 |
_tRevista Brasileira de Zootecnia (Brazil) _xISSN 1516-3598 _g(Jan-Feb 2005), v. 34(1) p. 188-196 _wBR0504442 |
|
| 909 |
_a202311 _bLúcia _c55 _dLúcia Elande |
||
| 942 |
_2AGRIS _n0 _cANA |
||
| 999 |
_c183895 _d183895 |
||